Metal en 50 clics : Album de Anthrax, Megadeth, Metallica ou Slayer ? - Statistiques

Statistiques générales
  • Ce quiz a été pris 141 fois
  • Le résultat moyen est 32 sur 50
Statistiques - réponses
Hint Réponse % Correct
...And Justice for All (1988) Metallica
88%
Ride the Lightning (1984) Metallica
87%
Master of Puppets (1986) Metallica
87%
_________ (The Black Album) (1991) Metallica
87%
Load (1996) Metallica
85%
Kill 'Em All (1983) Metallica
84%
ReLoad (1997) Metallica
84%
St. Anger (2003) Metallica
80%
Peace Sells... but Who's Buying? (1986) Megadeth
77%
Rust in Peace (1990) Megadeth
77%
72 Seasons (2023) Metallica
76%
Reign in Blood (1986) Slayer
75%
Killing Is My Business... and Business Is Good! (1985) Megadeth
74%
Death Magnetic (2008) Metallica
72%
Hardwired… to Self-Destruct (2016) Metallica
72%
The Sick, the Dying... and the Dead! (2022) Megadeth
70%
So Far, So Good... So What! (1988) Megadeth
69%
Countdown to Extinction (1992) Megadeth
69%
Seasons in the Abyss (1990) Slayer
68%
Dystopia (2016) Megadeth
67%
South of Heaven (1988) Slayer
67%
Youthanasia (1994) Megadeth
66%
Repentless (2015) Slayer
66%
Hell Awaits (1985) Slayer
64%
Persistence of Time (1990) Anthrax
63%
Sound of White Noise (1993) Anthrax
61%
God Hates Us All (2001) Slayer
61%
Christ Illusion (2006) Slayer
60%
Among the Living (1987) Anthrax
59%
For All Kings (2016) Anthrax
59%
Stomp 442 (1995) Anthrax
58%
World Painted Blood (2009) Slayer
58%
Fistful of Metal (1984) Anthrax
56%
Show No Mercy (1983) Slayer
56%
State of Euphoria (1988) Anthrax
55%
Worship Music (2011) Anthrax
55%
Endgame (2009) Megadeth
55%
Divine Intervention (1994) Slayer
54%
The System Has Failed (2004) Megadeth
53%
Spreading the Disease (1985) Anthrax
51%
Th1rt3en (2011) Megadeth
50%
Risk (1999) Megadeth
49%
We've Come for You All (2003) Anthrax
47%
Super Collider (2013) Megadeth
46%
Diabolus in Musica (1998) Slayer
46%
Cryptic Writings (1997) Megadeth
45%
The World Needs a Hero (2001) Megadeth
45%
Volume 8: The Threat is Real (1998) Anthrax
43%
The Greater of Two Evils (2004) Anthrax
41%
United Abominations (2007) Megadeth
30%
Aucun quiz correspondant
Distribution des résultats
% des personnes avec chaque résultat
Percentile par nombre de réponses
Votre historique - résultats
Vous n’avez pas pris ce quiz